00708cam a22002171i 4500001001300000003000400013005001700017008004100034010001700075035001900092040002900111042001200140050001700152245006800169260009600237300001800333505005800351650002200409710004200431999001700473sa 64008015 DLC20260227112051.0770608n19609999ii f000 0 eng  asa 64008015  a(OCoLC)3023938 aDLCcNNepaSUdOCoLCdDLC apremarc00aLA1151b.A2800aSelections from educational records of the Government of India. aDelhi,bPublished for the National Archives of India by the Manager of Publications,c1960- a v.c25 cm.0 a-- v. 2 Development of university education, 1860-87. 0aEducationzIndia.1 aIndia (Republic).bNational Archives. c60635d60635